00000000nam##2200000za#4500
0019.535580
003CaOODSP
00520200331232945
007ta
008150406|2001||||xxc|||||     f|0| 0 eng|d
020 |a0-660-61710-2
040 |aCaOODSP|beng
041 |aeng
041 |afre
043 |an-cn---
0861 |aBT31-4/56-2001
1101 |aCanada. |bTreasury Board.
24510|aNorthern Pipeline Agency Canada
260 |aOttawa - Ontario : |bTreasury Board of Canada Secretariat |c2001.
300 |aEnglish text, 15p. : |bfigs., tables ; |c28 cm.
4901 |aPerformance report for the period ending March 31, 2001
546 |aBilingual
563 |aSoftcover
590 |a01-46|b2001-11-16
7760#|tNorthern Pipeline Agency Canada, performance report for the period ending March 31, 2001 |w(CaOODSP)9.569251
7760#|tAdministration du pipe-line du Nord Canada, rapport sur le rendement pour la période se terminant le 31 mars 2001 |w(CaOODSP)9.600478
792 |tAdministration du pipe-line du Nord Canada |efre|w(CaOODSP)9.535581
830#0|aPerformance report for the period ending March 31, 2001.|w(CaOODSP)9.508980